[Event "Titled Tue 20th May Late"]
[Site "chess.com INT"]
[Date "2025.05.20"]
[Round "7"]
[White "Yilmaz, Baver"]
[Black "Jacobsen, Mikkel Manosri"]
[Result "1-0"]
[WhiteTitle "FM"]
[BlackTitle "FM"]
[WhiteElo "2233"]
[BlackElo "2223"]
[WhiteFideId "26363542"]
[BlackFideId "1444514"]
[EventDate "2025.05.20"]

1. e4 c5 2. Nf3 Nf6 3. d4 Nxe4 4. Bd3 d5 5. dxc5 Nxc5 6. Be2 Nc6 7. O-O Bg4 8.
c4 dxc4 9. Qc2 Bxf3 10. Bxf3 Nd4 11. Qxc4 Nxf3+ 12. gxf3 Rc8 13. Nc3 e6 14. Rd1
Qb6 15. Be3 Qc6 16. Nb5 Na6 17. Qxc6+ bxc6 18. Nxa7 Rc7 19. Bb6 Rb7 20. Nxc6 Be7
21. Nxe7 Rxb6 22. Nc8 Rxb2 23. Rd6 Nb4 24. Rad1 Nd5 25. a4 O-O 26. Rc1 Ra2 27.
Rc4 g5 28. h4 h6 29. hxg5 hxg5 30. Nb6 Nf4 31. Nd7 Ra8 32. Nf6+ Kg7 33. Ne4 Rh8
34. Rd1 Kg6 35. Rc5 f5 36. Nc3 Rc2 37. Ne4 Rxc5 38. Nxc5 Rc8 39. Nb3 Rc3 40. Nd4
Ra3 41. a5 1-0

[Event "Titled Tue 20th May Late"]
[Site "chess.com INT"]
[Date "2025.05.20"]
[Round "7"]
[White "Goltsev, Dmitry"]
[Black "Herrera Ortiz, Miguel"]
[Result "1-0"]
[WhiteTitle "FM"]
[BlackTitle "IM"]
[WhiteElo "2183"]
[BlackElo "2174"]
[WhiteFideId "24176710"]
[BlackFideId "5100550"]
[EventDate "2025.05.20"]

1. e4 e6 2. d4 d5 3. exd5 exd5 4. Nf3 Nf6 5. c4 Be7 6. Nc3 O-O 7. Bg5 c6 8. Bd3
dxc4 9. Bxc4 Bg4 10. O-O Nbd7 11. h3 Bh5 12. Re1 Nb6 13. Bb3 Nbd5 14. Qd3 Bg6
15. Qd2 Re8 16. Ne5 Nxc3 17. bxc3 Ne4 18. Rxe4 Bxg5 19. Qe2 Bf6 20. Nxg6 hxg6
21. Re1 Rxe4 22. Qxe4 Kf8 23. Qd3 Qd7 24. d5 Re8 25. Rd1 Qd6 26. g3 c5 27. Qb5
b6 28. Qc6 Rd8 29. Qb7 Qd7 30. Qxd7 Rxd7 31. c4 Bd4 32. Kf1 g5 33. Bc2 g6 34.
Rb1 Ke7 35. a4 Rd6 36. a5 Rf6 37. Re1+ Kd8 38. Re2 bxa5 39. Ba4 Rf3 40. Kg2 Ra3
41. Bb5 f6 42. Re8+ Kc7 43. Re7+ Kc8 44. d6 Be5 45. d7+ Kc7 46. Re8 Rd3 47. Rc8+
Kb7 48. d8=Q Rxd8 49. Rxd8 1-0

[Event "Titled Tue 20th May Late"]
[Site "chess.com INT"]
[Date "2025.05.20"]
[Round "7"]
[White "Schuster, Karsten"]
[Black "Shukhman, Anna"]
[Result "0-1"]
[WhiteTitle "FM"]
[BlackTitle "WGM"]
[WhiteElo "2266"]
[BlackElo "2413"]
[WhiteFideId "4611071"]
[BlackFideId "54180058"]
[EventDate "2025.05.20"]

1. d4 d5 2. c4 e5 3. dxe5 Ne7 4. cxd5 Qxd5 5. Qxd5 Nxd5 6. a3 Nc6 7. Nf3 Be6 8.
e4 Nb6 9. Nc3 O-O-O 10. Bg5 Re8 11. Bb5 h6 12. Bf4 g5 13. Bg3 Bg7 14. h3 Bc4 15.
Bxc4 Nxc4 16. O-O-O N4xe5 17. Nxe5 Nxe5 18. f3 c6 19. Bxe5 Bxe5 20. Kc2 h5 21.
Ne2 Kc7 22. Nd4 f6 23. Nf5 b5 24. Rd3 Rh7 25. Rhd1 Rg8 26. Ne3 a5 27. b3 Bf4 28.
a4 Bxe3 29. Rxe3 bxa4 30. bxa4 g4 31. hxg4 hxg4 32. f4 g3 33. Rdd3 Rh2 34. Rd2
Rh4 35. Rf3 Rgg4 36. e5 Rxf4 37. Rxg3 fxe5 38. Rg7+ Kb6 39. g3 Rc4+ 40. Kd3
Rhd4+ 41. Ke2 Rxa4 42. Rxd4 Rxd4 0-1

[Event "Titled Tue 20th May Late"]
[Site "chess.com INT"]
[Date "2025.05.20"]
[Round "7"]
[White "Mizzi, Jack"]
[Black "Panarin, Mikhail"]
[Result "0-1"]
[WhiteTitle "CM"]
[BlackTitle "GM"]
[WhiteElo "2086"]
[BlackElo "2562"]
[WhiteFideId "5602521"]
[BlackFideId "4153251"]
[EventDate "2025.05.20"]

1. d4 Nf6 2. c4 e6 3. Nf3 Bb4+ 4. Nbd2 b6 5. g3 Bb7 6. Bg2 O-O 7. O-O a5 8. Qc2
Bxd2 9. Nxd2 Bxg2 10. Kxg2 d5 11. e3 a4 12. b3 axb3 13. Nxb3 h5 14. h4 Ra4 15.
c5 Nbd7 16. cxb6 cxb6 17. Bd2 Qa8 18. Rfc1 Rc4 19. Qb2 Rfc8 20. Be1 Ne4 21. f3
Nd6 22. Nd2 R4c6 23. a4 Qa6 24. Kf2 Nf6 25. Rxc6 Rxc6 26. Rc1 Rxc1 27. Qxc1 Qxa4
28. Qc7 Nc4 29. Nxc4 dxc4 30. Qxb6 Qc2+ 31. Kg1 Qe2 32. Qb8+ Kh7 33. Qb1+ Kh6
34. e4 Qxf3 35. e5 Ne4 36. Qc1+ Kg6 37. Qxc4 Kf5 38. Qf1 Kg4 39. Qg2 Qe3+ 40.
Kf1 Nxg3+ 41. Bxg3 Qxg3 42. Qb7 Qf3+ 0-1

[Event "Titled Tue 20th May Late"]
[Site "chess.com INT"]
[Date "2025.05.20"]
[Round "7"]
[White "Avramidou, Anastasia"]
[Black "Sanhueza, Cristian"]
[Result "1-0"]
[WhiteTitle "FM"]
[BlackTitle "FM"]
[WhiteElo "2294"]
[BlackElo "2182"]
[WhiteFideId "4239873"]
[BlackFideId "116815"]
[EventDate "2025.05.20"]

1. Nf3 Nf6 2. c4 e6 3. g3 d5 4. Bg2 Be7 5. O-O O-O 6. b3 c5 7. d4 cxd4 8. Nxd4
Nc6 9. Nxc6 bxc6 10. Bb2 a5 11. Nc3 Rb8 12. cxd5 cxd5 13. Qd2 Ba6 14. Rfd1 Qc7
15. Rac1 Qa7 16. e3 Rfd8 17. Na4 Ne4 18. Qd4 Qxd4 19. Bxd4 Ba3 20. Bb2 Bxb2 21.
Nxb2 Rdc8 22. Na4 Nd6 23. Bf1 Bxf1 24. Kxf1 Kf8 25. Ke2 Ke7 26. f3 Nb5 27. Kd3
Kd6 28. Nb2 f5 29. Kd2 Na7 30. Nd3 Nc6 31. Rc3 Nb4 32. a3 Rxc3 33. Kxc3 Rc8+ 34.
Kb2 Rc2+ 35. Kb1 Rc3 36. axb4 axb4 37. Kb2 e5 38. Rd2 e4 39. fxe4 fxe4 40. Nxb4
Rxe3 41. Nxd5 Rd3 42. Rxd3 exd3 43. Ne3 Kc5 44. Kc3 1-0

[Event "Titled Tue 20th May Late"]
[Site "chess.com INT"]
[Date "2025.05.20"]
[Round "7"]
[White "Duarte Cramer, Lily Jeanette"]
[Black "Andrade, Ivan"]
[Result "0-1"]
[WhiteTitle "WCM"]
[BlackTitle "FM"]
[WhiteElo "1828"]
[BlackElo "2161"]
[WhiteFideId "29620180"]
[BlackFideId "14800039"]
[EventDate "2025.05.20"]

1. d4 Nf6 2. c4 e6 3. Nc3 Bb4 4. Qc2 d5 5. cxd5 Nxd5 6. e4 Bxc3+ 7. bxc3 Nb6 8.
Nf3 O-O 9. Bd3 c5 10. Ba3 N6d7 11. dxc5 e5 12. c6 Nxc6 13. Bxf8 Nxf8 14. O-O Ne6
15. Rfd1 Qe7 16. Bc4 Nf4 17. Qb3 Bg4 18. Ng5 Qxg5 19. Qxb7 Rf8 20. h4 Qh6 21.
Re1 Na5 22. Qa6 Nxc4 23. Qxc4 Qxh4 24. Re3 Be6 25. Qc7 Qg5 26. g3 h5 27. Qxa7 h4
28. Qa6 Rd8 29. Qf1 Bh3 30. Qe1 Be6 31. Rd1 Rxd1 32. Qxd1 Bc4 33. Kh2 hxg3+ 34.
Rxg3 Qh4+ 35. Kg1 Ne2+ 36. Qxe2 Bxe2 37. a4 Qxe4 38. Re3 Qb1+ 39. Kg2 Bf1+ 40.
Kg3 Qg6+ 41. Kf3 Qc6+ 42. Kg3 Qxa4 0-1

[Event "Titled Tue 20th May Late"]
[Site "chess.com INT"]
[Date "2025.05.20"]
[Round "7"]
[White "Kjaergaard-Jensen, Jesper"]
[Black "Onur, Cigdem"]
[Result "0-1"]
[WhiteTitle "CM"]
[BlackTitle "WCM"]
[WhiteElo "2081"]
[BlackElo "1966"]
[WhiteFideId "1406990"]
[BlackFideId "6346030"]
[EventDate "2025.05.20"]

1. d4 d5 2. Nf3 Nf6 3. Bg5 g6 4. Nbd2 Bg7 5. Bxf6 exf6 6. g3 O-O 7. Bg2 Bg4 8.
O-O Re8 9. Re1 Nd7 10. Nf1 Rc8 11. Ne3 Bxf3 12. Bxf3 c6 13. c3 f5 14. Qb3 Qb6
15. Qa3 a6 16. b4 Nf6 17. Qb3 Ne4 18. Rad1 Rcd8 19. Bg2 Qc7 20. Nf1 f4 21. e3 g5
22. f3 Nf6 23. e4 dxe4 24. fxe4 g4 25. gxf4 Qxf4 26. Ng3 h5 27. e5 Nd5 28. Rf1
Qg5 29. Rde1 h4 30. Nf5 Nf4 31. Rxf4 Qxf4 32. Rf1 Qg5 33. Nd6 Re7 34. Nxf7 Qe3+
35. Kh1 Rf8 36. Ng5+ Kh8 37. Nf7+ Kh7 38. Qc2+ Kg8 39. Nh6+ Bxh6 40. Rxf8+ Bxf8
41. Qg6+ Rg7 42. Qxg4 Qe1+ 43. Bf1 Qxf1+ 44. Qg1 Qxg1# 0-1

[Event "Titled Tue 20th May Late"]
[Site "chess.com INT"]
[Date "2025.05.20"]
[Round "7"]
[White "Brzezina, Piotr"]
[Black "Abdurakhmonov, Mukhammadali"]
[Result "0-1"]
[WhiteTitle "FM"]
[BlackTitle "IM"]
[WhiteElo "2301"]
[BlackElo "2368"]
[WhiteFideId "21078874"]
[BlackFideId "14207346"]
[EventDate "2025.05.20"]

1. e4 c5 2. Nf3 Nc6 3. Bb5 e6 4. O-O Nge7 5. d4 cxd4 6. Nxd4 a6 7. Be2 Nxd4 8.
Qxd4 Nc6 9. Qe3 b5 10. Nc3 Be7 11. Qg3 Bf6 12. Bd2 O-O 13. a3 d6 14. Bd3 Bh4 15.
Qe3 Bb7 16. f4 Rc8 17. Qh3 e5 18. f5 Nd4 19. Be3 Bg5 20. Bxd4 exd4 21. Nd5 Bxd5
22. exd5 Qf6 23. Rae1 Rfe8 24. Qf3 h6 25. g3 Re3 26. Rxe3 Bxe3+ 27. Kg2 a5 28.
h4 Rc5 29. Rb1 Rc8 30. Rd1 Qe5 31. Kh3 Rc5 32. b4 Rc3 33. bxa5 Rxa3 34. Bxb5
Rxa5 35. Bd3 Qxd5 36. Qxd5 Rxd5 37. Rb1 Re5 38. Rb8+ Kh7 39. f6+ g6 40. Rf8 Re6
41. Rxf7+ Kg8 42. Rg7+ Kf8 43. Rxg6 Kf7 44. Rg7+ Kxf6 45. Rb7 d5 46. Be2 Rc6 47.
Bd3 Rc8 48. Rh7 Ra8 49. Kg4 Rg8+ 50. Kh3 Ke5 51. Re7+ Kd6 52. Rh7 Kc5 53. g4 Rf8
54. Re7 Rf3+ 55. Kg2 Rf8 56. Kg3 Kb4 57. Re6 Kc3 58. Kh3 Kd2 59. Rg6 Ke1 60. g5
h5 61. Rh6 Rf3+ 62. Kg2 Rf2+ 63. Kg3 Bf4+ 0-1

[Event "Titled Tue 20th May Late"]
[Site "chess.com INT"]
[Date "2025.05.20"]
[Round "7"]
[White "Hoeffer, David"]
[Black "Dubnevych, Maksym"]
[Result "1-0"]
[WhiteTitle "FM"]
[BlackTitle "FM"]
[WhiteElo "2295"]
[BlackElo "2292"]
[WhiteFideId "24606766"]
[BlackFideId "14184001"]
[EventDate "2025.05.20"]

1. d4 d5 2. Nc3 Nf6 3. Bf4 e6 4. Nb5 Bd6 5. Nxd6+ cxd6 6. e3 O-O 7. Nf3 Nc6 8.
c3 Re8 9. h3 h6 10. Be2 e5 11. Bh2 Bf5 12. O-O Qb6 13. Qb3 Qc7 14. Rac1 Rac8 15.
Qa3 a6 16. c4 dxc4 17. Rxc4 Qd7 18. dxe5 dxe5 19. Rd1 Qe6 20. Rdc1 Rcd8 21. Bf1
Be4 22. Ne1 Rd2 23. Qc3 Rd7 24. b4 Bd5 25. Rh4 Bxa2 26. b5 axb5 27. Bxb5 Red8
28. Bxc6 bxc6 29. Bxe5 Nd5 30. Qb2 f6 31. Bd4 Ne7 32. Rg4 Kh8 33. Nf3 Bd5 34.
Nh4 Nf5 35. Nxf5 Qxf5 36. f3 Qe6 37. e4 Bc4 38. Bf2 Bb5 39. Qc3 Rd3 40. Qc5 Kh7
41. Kh2 Rd2 42. Kg1 Re2 43. Re1 Rxe1+ 44. Bxe1 Rd1 45. Qe3 Qc4 46. Kh2 h5 47.
Rg3 Qf1 48. Qa7 Rd7 49. Qxd7 h4 50. Qxg7# 1-0

[Event "Titled Tue 20th May Late"]
[Site "chess.com INT"]
[Date "2025.05.20"]
[Round "7"]
[White "Saidov, Bilukhadzh"]
[Black "Velikanov, Alexander"]
[Result "1-0"]
[WhiteTitle "FM"]
[BlackTitle "IM"]
[WhiteElo "2309"]
[BlackElo "2372"]
[WhiteFideId "34165476"]
[BlackFideId "2039290"]
[EventDate "2025.05.20"]

1. d4 Nf6 2. Nf3 c5 3. d5 b5 4. a4 Bb7 5. axb5 Bxd5 6. Bg5 Bb7 7. Nc3 d5 8. e3
Nbd7 9. Be2 h6 10. Bh4 e5 11. O-O e4 12. Nd2 Be7 13. Nb3 O-O 14. Na5 Qb6 15.
Nxb7 Qxb7 16. Ra6 Rfd8 17. Na4 Rac8 18. Qa1 d4 19. Bg3 Nb8 20. Ra5 d3 21. cxd3
exd3 22. Bf3 Qd7 23. Nc3 c4 24. Rxa7 Qe6 25. h3 Bc5 26. Ra4 Nbd7 27. Qa2 Nb6 28.
Ra6 Nfd7 29. Rd1 Ne5 30. Bb7 Rb8 31. Be4 Qe7 32. Ra7 Qf6 33. Ra6 Re8 34. Nd5
Nxd5 35. Rxf6 Nxf6 36. Bxe5 Rxe5 37. Bf3 Rxb5 38. Qxc4 Rxb2 39. Qxd3 g5 40. Qc3 1-0

[Event "Titled Tue 20th May Late"]
[Site "chess.com INT"]
[Date "2025.05.20"]
[Round "7"]
[White "Burmakin, Vladimir"]
[Black "Myagmarsuren, Evsuld"]
[Result "1-0"]
[WhiteTitle "GM"]
[BlackTitle "FM"]
[WhiteElo "2435"]
[BlackElo "2292"]
[WhiteFideId "4105109"]
[BlackFideId "1551639"]
[EventDate "2025.05.20"]

1. d4 Nf6 2. Nf3 d5 3. c4 c6 4. Qb3 dxc4 5. Qxc4 Bf5 6. Nc3 Nbd7 7. g3 e6 8. Bg2
h6 9. O-O Be7 10. Re1 Ne4 11. Qb3 Nxc3 12. bxc3 Qb6 13. e4 Qxb3 14. axb3 Bg6 15.
Nd2 Bd8 16. Nc4 Be7 17. Bf4 O-O 18. Na5 e5 19. Bxe5 Nxe5 20. dxe5 Rab8 21. f4
Bh5 22. h3 Rfd8 23. g4 Bg6 24. Red1 Kf8 25. Kf1 Bh7 26. Nc4 a6 27. Nd6 f6 28.
Nc4 b5 29. Na5 fxe5 30. Nxc6 Rxd1+ 31. Rxd1 Rc8 32. Nxe5 Rxc3 33. f5 Rxb3 34.
Rd7 Rc3 35. Ke2 Bf6 36. Nd3 Bg8 37. e5 Bg5 38. e6 b4 39. Bd5 b3 40. Rb7 Rc2+ 41.
Kf3 Rd2 42. Ke4 Re2+ 43. Kd4 Bf6+ 44. Kc5 Rc2+ 45. Kb4 Bh7 46. Bxb3 Rc3 47. Nc5
Be7 48. Rb8+ Bd8 49. Rxd8+ Ke7 50. Rd7+ Kf6 51. Ne4+ Ke5 52. Nxc3 1-0

[Event "Titled Tue 20th May Late"]
[Site "chess.com INT"]
[Date "2025.05.20"]
[Round "7"]
[White "Martinez Alcantara, Jose Eduardo"]
[Black "Carlsen, Magnus"]
[Result "1-0"]
[WhiteTitle "GM"]
[BlackTitle "GM"]
[WhiteElo "2611"]
[BlackElo "2837"]
[WhiteFideId "3805662"]
[BlackFideId "1503014"]
[EventDate "2025.05.20"]

1. c4 c5 2. Nc3 g6 3. g3 Bg7 4. Bg2 Nc6 5. e3 Nf6 6. Nge2 O-O 7. O-O d6 8. d4
Bd7 9. h3 a6 10. dxc5 dxc5 11. Nf4 e6 12. Qe2 Qc7 13. b3 Ne5 14. Bb2 Bc6 15.
Rad1 Bxg2 16. Nxg2 Rfd8 17. Rxd8+ Rxd8 18. Rd1 h5 19. Ne1 Rxd1 20. Qxd1 Qc6 21.
Ne2 Nf3+ 22. Nxf3 Qxf3 23. Bxf6 Bxf6 24. h4 Qg4 25. Kf1 Qe4 26. Nf4 b5 27. Qd3
Qc6 28. Ke2 Kg7 29. Qc2 b4 30. Qd3 a5 31. Kf1 a4 32. Kg1 Be5 33. Ng2 a3 34. Kf1
Qf3 35. Ne1 Qh1+ 36. Ke2 Bc3 37. Qd1 Bxe1 38. Qxe1 Qe4 39. Qd2 Qb1 40. Kf3 1-0

[Event "Titled Tue 20th May Late"]
[Site "chess.com INT"]
[Date "2025.05.20"]
[Round "7"]
[White "Shevkunov, Vladyslav"]
[Black "Wiebe, Isaac"]
[Result "1-0"]
[WhiteElo "2073"]
[BlackElo "2085"]
[WhiteFideId "30953448"]
[BlackFideId "2623862"]
[EventDate "2025.05.20"]

1. e4 e5 2. Nf3 Nc6 3. Bb5 a6 4. Ba4 Nge7 5. d3 g6 6. O-O Bg7 7. c3 O-O 8. Re1
b5 9. Bc2 d5 10. Nbd2 d4 11. a4 Rb8 12. Nb3 dxc3 13. bxc3 b4 14. Bb2 Bg4 15. h3
Bxf3 16. Qxf3 bxc3 17. Bxc3 Nb4 18. Bxb4 Rxb4 19. Red1 Nc6 20. Qe3 Nd4 21. Nxd4
Qxd4 22. Qxd4 Rxd4 23. Bb3 a5 24. Bc4 Rfd8 25. Rdb1 Bf8 26. Rb7 R8d7 27. Rb8 Kg7
28. Rab1 Bb4 29. Rb5 f6 30. Rb8 Rd8 31. Rb7 R8d7 32. Rc1 Ba3 33. Rc3 Bb4 34. Rc2
c5 35. Rb8 Rd8 36. Rb5 f5 37. f3 Kf6 38. Kf2 Kg5 39. g3 f4 40. h4+ Kh5 41. Kg2
fxg3 42. Kxg3 g5 43. hxg5 Kxg5 44. Rh2 h5 45. Rb7 R4d7 46. Rb6 Rd6 47. Rb7 Rg6
48. Kf2 1-0

[Event "Titled Tue 20th May Late"]
[Site "chess.com INT"]
[Date "2025.05.20"]
[Round "7"]
[White "Rossi, Maximiliano"]
[Black "Alazmi, Amani"]
[Result "0-1"]
[BlackTitle "WCM"]
[WhiteElo "2013"]
[BlackElo "1725"]
[WhiteFideId "113425"]
[BlackFideId "10303553"]
[EventDate "2025.05.20"]

1. e4 c6 2. d4 d5 3. e5 Bf5 4. h4 h6 5. Bd3 Bxd3 6. Qxd3 e6 7. Nf3 Nd7 8. O-O
Ne7 9. Re1 Nf5 10. g3 c5 11. c3 Qb6 12. a3 Rc8 13. Nbd2 cxd4 14. cxd4 Be7 15. b4
O-O 16. Kg2 Rc7 17. Rh1 Rfc8 18. Bb2 Rc2 19. Rac1 Rxc1 20. Rxc1 Rxc1 21. Bxc1 a5
22. b5 f6 23. g4 fxe5 24. gxf5 e4 25. Nxe4 dxe4 26. Qxe4 Nf8 27. d5 Qxb5 28.
fxe6 Qc5 29. Bf4 Qxa3 30. Qf5 Qb4 31. Be5 Bf6 32. Bxf6 gxf6 33. Qxf6 Qg4+ 34.
Kf1 Qc4+ 35. Kg1 Qg4+ 36. Kh2 Qg6 37. Qxg6+ Nxg6 38. h5 Nf4 39. Ne5 Nxd5 40. Ng4
Kg7 41. Ne3 Ne7 42. Nc4 a4 43. Na3 Kf6 44. Kg3 Kxe6 45. Kg4 Nf5 46. Kf4 Nd6 47.
Ke3 b5 48. Kd4 b4 49. Nb1 a3 0-1

[Event "Titled Tue 20th May Late"]
[Site "chess.com INT"]
[Date "2025.05.20"]
[Round "7"]
[White "Skramstad, Oda Kofoed"]
[Black "Nita, Lucian"]
[Result "0-1"]
[WhiteTitle "WCM"]
[WhiteElo "1898"]
[BlackElo "2143"]
[WhiteFideId "1564862"]
[BlackFideId "1206923"]
[EventDate "2025.05.20"]

1. e4 d6 2. d4 Nf6 3. Bd3 e5 4. Ne2 Nc6 5. c3 exd4 6. cxd4 d5 7. e5 Nd7 8. O-O
Be7 9. f4 O-O 10. f5 Nxd4 11. Nxd4 Nxe5 12. Bc2 Bf6 13. Bf4 c5 14. Nf3 Nxf3+ 15.
Qxf3 Bxb2 16. Nd2 Bxa1 17. Rxa1 Qf6 18. Re1 Bd7 19. Be5 Qg5 20. Bf4 Qf6 21. Qg3
Rfe8 22. Be5 Qh6 23. Nf3 f6 24. Bf4 Rxe1+ 25. Nxe1 Qh5 26. Qd3 Bc6 27. Nf3 Qf7
28. h3 b6 29. Kh2 Re8 30. Qd2 Bb7 31. Bd3 Kh8 32. g4 d4 33. Qf2 Qd5 34. Kg3 c4
35. Bf1 d3 36. Bg2 Qc5 37. Qd2 Rd8 38. g5 c3 39. Qd1 Qxf5 40. gxf6 Qg6+ 41. Kh2
gxf6 42. Bg3 Bxf3 43. Bxf3 d2 44. Bh4 c2 45. Bxf6+ Qxf6 46. Qxc2 Qxf3 47. Qb2+
Kg8 48. Qb3+ Qxb3 49. axb3 d1=Q 50. h4 Qd3 51. h5 Re8 52. h6 Re2+ 53. Kg1 Qd1# 0-1

[Event "Titled Tue 20th May Late"]
[Site "chess.com INT"]
[Date "2025.05.20"]
[Round "7"]
[White "Drygalov, Andrey"]
[Black "Platzgummer, Fabian"]
[Result "1-0"]
[WhiteTitle "GM"]
[BlackTitle "IM"]
[WhiteElo "2431"]
[BlackElo "2295"]
[WhiteFideId "24171735"]
[BlackFideId "1617222"]
[EventDate "2025.05.20"]

1. e4 c6 2. Nf3 d5 3. d3 dxe4 4. dxe4 Qxd1+ 5. Kxd1 Bg4 6. Nd2 Nd7 7. Be2 Bxf3
8. Bxf3 O-O-O 9. Ke2 e5 10. Nc4 f6 11. c3 Kc7 12. b4 Nb6 13. Nb2 Ne7 14. a4 Nec8
15. a5 Nd7 16. Be3 c5 17. Rac1 Ne7 18. b5 Nc8 19. Nc4 Nd6 20. Nxd6 Bxd6 21. Rhd1
Nf8 22. Bg4 Ng6 23. g3 h5 24. Bf5 Ne7 25. Be6 h4 26. Rd2 g5 27. Rcd1 b6 28. a6
Ng6 29. Kf3 hxg3 30. hxg3 Be7 31. Rd7+ Kb8 32. Rb7+ Ka8 33. Rxd8+ Rxd8 34. Bd5
Rxd5 35. exd5 f5 36. Bxg5 Bxg5 37. Rg7 e4+ 38. Ke2 Kb8 39. Rxg6 Be7 40. Rg7 Bd6
41. Rb7+ Ka8 42. Rd7 Bb8 43. Rf7 f4 44. gxf4 e3 45. Rf8 c4 46. Rxb8+ Kxb8 47.
Kxe3 Kc7 48. Kd4 Kd6 49. f5 Ke7 50. Ke5 Kf7 51. d6 Ke8 52. f6 Kd8 53. f7 Kd7 54.
Kd5 Kd8 55. f8=Q+ 1-0

[Event "Titled Tue 20th May Late"]
[Site "chess.com INT"]
[Date "2025.05.20"]
[Round "7"]
[White "Jimenez Salas, Maria Teresa"]
[Black "Smirnova, Ekaterina"]
[Result "0-1"]
[WhiteTitle "WIM"]
[BlackTitle "WIM"]
[WhiteElo "2137"]
[BlackElo "2096"]
[WhiteFideId "3843866"]
[BlackFideId "4110943"]
[EventDate "2025.05.20"]

1. e4 e6 2. d4 d5 3. Nc3 Nf6 4. Bg5 Be7 5. e5 Nfd7 6. Bxe7 Qxe7 7. f4 O-O 8. Nf3
c5 9. dxc5 Nc6 10. Bd3 h6 11. O-O Nxc5 12. Kh1 Nxd3 13. cxd3 b6 14. d4 Bb7 15.
Rc1 Na5 16. b3 Rac8 17. Qd2 Ba6 18. Rfd1 Rc7 19. Na4 Rfc8 20. h3 Qa3 21. Rxc7
Rxc7 22. Ne1 Qe7 23. Rc1 Qd8 24. Rxc7 Qxc7 25. Qc2 Qxc2 26. Nxc2 Nc6 27. b4 Bd3
28. Ne1 Be4 29. Nc3 Nxb4 30. Nxe4 dxe4 31. a3 Nd5 32. g3 b5 33. Kg2 a5 34. Kf2
b4 35. axb4 axb4 36. Ke2 h5 37. h4 Kh7 38. Kd2 Kg6 39. Nc2 Kf5 40. Ke2 b3 41.
Na3 Kg4 42. Kf2 Nc3 43. Nc4 Nd1+ 44. Kg2 b2 45. Nd2 b1=Q 46. Nxb1 Ne3+ 47. Kf2
Nf5 48. Nd2 Nxg3 49. Ke3 Nf5+ 50. Kxe4 Kxh4 51. Nc4 Kg4 52. Nd6 Ng3+ 53. Ke3 h4
54. d5 exd5 55. Nxf7 h3 56. e6 h2 57. e7 Nf5+ 58. Kf2 Nxe7 59. Kg2 Kxf4 60. Kxh2
d4 61. Kg2 g5 62. Kf2 Nf5 63. Ke2 g4 64. Nd8 g3 65. Ne6+ Ke4 66. Nc5+ Kf4 67.
Nd3+ Kg4 68. Kf1 Kf3 69. Ne5+ Ke4 70. Ng4 d3 71. Nf6+ Kf3 72. Nd5 d2 73. Nc3 g2+
74. Kg1 Nd4 75. Kh2 Ne2 76. Nxe2 Kxe2 77. Kxg2 d1=Q 78. Kg3 Qf1 79. Kg4 Qf2 80.
Kg5 Ke3 81. Kg4 Qf3+ 82. Kh4 Qg2 0-1

[Event "Titled Tue 20th May Late"]
[Site "chess.com INT"]
[Date "2025.05.20"]
[Round "7"]
[White "Albertini, Luca"]
[Black "Mazzilli, Piero"]
[Result "1-0"]
[BlackTitle "FM"]
[WhiteElo "2139"]
[BlackElo "2274"]
[WhiteFideId "847038"]
[BlackFideId "807087"]
[EventDate "2025.05.20"]

1. e4 e6 2. d4 d5 3. e5 c5 4. c3 Qb6 5. Nf3 Bd7 6. Be2 Bb5 7. Bxb5+ Qxb5 8. Na3
Qa6 9. dxc5 Bxc5 10. b4 Be7 11. Nd4 b6 12. Nab5 Kd7 13. Qg4 g6 14. Bg5 Qb7 15.
Qf4 Bxg5 16. Qxg5 Ne7 17. Nd6 Qc7 18. Rc1 Rf8 19. O-O Nbc6 20. N4b5 Qd8 21. Nb7
Qb8 22. N5d6 Nf5 23. Qf6 Nxd6 24. Nxd6 Nxe5 25. Ne4 dxe4 26. Rcd1+ Kc6 27. b5+
Kxb5 28. Rd4 Ng4 29. Qg5+ f5 30. g3 Qc7 31. Rb1+ Ka6 32. h3 Ne5 33. Ra4+ Kb7 34.
Qe3 Rad8 35. Kg2 Nf3 36. h4 Qc6 37. Rab4 Rd6 38. a4 Ka8 39. a5 bxa5 40. Rb5 Rd3
41. Qf4 Rdd8 42. Qe3 Qc7 43. Ra1 Ne5 44. Rbxa5 Nc6 45. Ra6 Qb7 46. Qc5 Rd7 47.
Kh2 Rff7 48. Rxc6 Qxc6 49. Qxc6+ Rb7 50. Rb1 1-0

[Event "Titled Tue 20th May Late"]
[Site "chess.com INT"]
[Date "2025.05.20"]
[Round "7"]
[White "Boyer, Mahel"]
[Black "Holinka, Henning"]
[Result "1-0"]
[WhiteTitle "GM"]
[BlackTitle "FM"]
[WhiteElo "2521"]
[BlackElo "2303"]
[WhiteFideId "45102422"]
[BlackFideId "12967084"]
[EventDate "2025.05.20"]

1. e4 c5 2. d3 g6 3. g3 Bg7 4. Bg2 Nc6 5. f4 e6 6. Nf3 Nge7 7. O-O d5 8. c3 b6
9. Na3 Bb7 10. e5 a6 11. Nc2 Qd7 12. Be3 Nf5 13. Bf2 h5 14. b4 Bf8 15. bxc5 Bxc5
16. Bxc5 bxc5 17. Rb1 O-O 18. d4 Rab8 19. Bh3 Nh6 20. Ne3 a5 21. Rf2 Ba6 22. Rc1
Qa7 23. Rd2 Rb7 24. Ng5 Rfb8 25. f5 Nxf5 26. Bxf5 exf5 27. Nxd5 cxd4 28. cxd4
Nxe5 29. Kg2 Ng4 30. h3 Rd7 31. hxg4 Bb7 32. gxh5 Bxd5+ 33. Kf2 Kg7 34. Rc5 Rh8
35. hxg6 fxg6 36. Nf3 Qb7 37. Ne5 Re7 38. Ke3 Be4 39. Qb3 Qxb3+ 40. axb3 Rb7 41.
Kf4 Rxb3 42. Rc7+ Kf6 43. Rf7+ Ke6 44. Rg7 Kf6 45. Rxg6+ Ke7 46. d5 Rb4 47. Nc6+
Kf7 48. Ne5+ Ke7 49. Re6+ Kd8 50. Nc6+ Kd7 51. Nxb4 axb4 52. Rb6 Rg8 53. Rxb4
Rg4+ 54. Ke5 Rxg3 55. Rb7+ Kc8 56. Rdb2 Rc3 57. Kd6 Rb3 58. R2xb3 1-0

[Event "Titled Tue 20th May Late"]
[Site "chess.com INT"]
[Date "2025.05.20"]
[Round "7"]
[White "Azamikia, Mehran"]
[Black "Coe, William"]
[Result "1/2-1/2"]
[WhiteTitle "CM"]
[WhiteElo "2130"]
[BlackElo "2078"]
[WhiteFideId "12502502"]
[BlackFideId "30913624"]
[EventDate "2025.05.20"]

1. e4 c5 2. Nf3 e6 3. Nc3 a6 4. a4 b6 5. d4 cxd4 6. Nxd4 Bb7 7. Be3 Qc7 8. Bd3
Nf6 9. O-O Bc5 10. Qe2 d6 11. f3 Nbd7 12. Nb3 Bxe3+ 13. Qxe3 O-O 14. Rfd1 Nc5
15. Nxc5 bxc5 16. b3 Rfe8 17. Ne2 d5 18. e5 Nd7 19. f4 c4 20. bxc4 dxc4 21. Be4
Nc5 22. Bxb7 Nxb7 23. Nc3 Nc5 24. Ne4 Nxe4 25. Qxe4 Rad8 26. h4 h6 27. Kh2 Rxd1
28. Rxd1 Rc8 29. Rb1 Qc6 30. Qxc6 Rxc6 31. Rb8+ Kh7 32. h5 g6 33. Rb7 Kg7 34.
hxg6 Kxg6 35. Kg3 Rc5 36. Kf3 Ra5 37. Rb4 c3 38. Rc4 h5 39. g3 Kf5 40. Rc8 Kg6
41. Rc4 Kf5 42. Rxc3 Rxa4 43. Rc8 Kg6 44. c4 Ra3+ 45. Kg2 a5 46. c5 a4 47. c6
Rc3 48. c7 Kg7 49. Kh3 a3 50. Kh4 a2 51. Ra8 Rxc7 52. Rxa2 Kg6 53. Ra8 Rc1 54.
Rg8+ Kh7 55. Rd8 Rh1+ 56. Kg5 Kg7 57. Rd3 Rh3 58. Rf3 h4 59. Kg4 Rxg3+ 60. Rxg3
hxg3 61. Kxg3 f6 62. Kf3 Kg6 63. exf6 Kxf6 64. Ke4 Kf7 65. Ke5 Ke7 66. f5 exf5
67. Kxf5 1/2-1/2